| 000 | 00730nam a2200205 a 4500 | ||
|---|---|---|---|
| 001 | 3818 | ||
| 003 | CDMR | ||
| 005 | 20151026133603.0 | ||
| 008 | 130130s1996||||||||||||||||||||||||||||d | ||
| 040 |
_aCDMR _bcat _cCDMR |
||
| 100 | 1 |
_aAlsius, Salvador _9340 |
|
| 245 | 1 | 0 |
_aÈtica i televisió informativa _b: anàlisi comparativa dels codis deontològics de nou cadenes d'interès mundial _ctesi doctoral de Salvador Alsius Clavera ; dirigida pel Dr. Josep Gifreu i Pinsach |
| 260 |
_aBarcelona _c1996 |
||
| 300 | _a3 v. | ||
| 500 | _aTesi presentada a la Universitat Pompeu Fabra,1996 | ||
| 650 | 0 | 4 |
_9983 _aÈtica periodística |
| 650 | 0 | 4 |
_9597 _aTelevisió |
| 650 | 0 | 4 |
_92994 _aTesis i dissertacions acadèmiques |
| 942 |
_cMON _2ddc |
||
| 999 |
_c3818 _d3818 |
||